| 000 | 01529nam a2200481 i 4500 | ||
|---|---|---|---|
| 001 | 20792 | ||
| 003 | KOSZ 005 | ||
| 005 | 20200219145839.0 | ||
| 008 | 991116s1982 pl a f |000 0 pol | ||
| 015 | _aPB 1982/8410 | ||
| 020 | _a8321330584 | ||
| 035 | _a(OCoLC)749301279 | ||
| 040 |
_aWA N _cWA N _dKOSZ 005/HR |
||
| 041 | 0 | _apol | |
| 046 | _k1982 | ||
| 080 | _a628.8 | ||
| 080 | _a697 | ||
| 245 | 0 | 0 |
_aOgrzewanie i wentylacja / _c[red. nauk. Jan Stefan Mielnicki]. |
| 260 |
_aWarszawa : _b"Arkady", _c1982. |
||
| 300 |
_a308 s. : _bil. tab. wykr. ; _c24 cm. |
||
| 336 |
_2rdacontent _aTekst _btxt |
||
| 337 |
_2rdamedia _aBez urządzenia pośredniczącego _bn |
||
| 338 |
_2rdacarrier _aWolumin _bnc |
||
| 380 | _aKsiążki | ||
| 380 | _aPublikacje naukowe | ||
| 388 | _a1901-2000 | ||
| 388 | _a1945-1989 | ||
| 490 | 1 |
_aNowa Technika w Inżynierii Sanitarnej ; _v14. |
|
| 504 | _aBibliogr. przy rozdz. | ||
| 650 | 4 | _aPralnie | |
| 650 | 4 | _aGrzejniki elektryczne | |
| 650 | 4 | _aSprężarki chłodnicze | |
| 650 | 4 | _aOgrzewanie | |
| 650 | 4 | _aWymiennik ciepła | |
| 650 | 4 | _aKlimatyzacja | |
| 650 | 4 | _aWentylacja | |
| 658 | _aInżynieria i technika | ||
| 700 | 1 |
_aMielnicki, Jan Stefan. _eRedakcja |
|
| 710 | 2 |
_aWydawnictwo "Arkady". _4pbl. |
|
| 830 | 0 |
_aNowa Technika w Inżynierii Sanitarnej ; _v14. |
|
| 856 |
_uhttp://koha.tu.koszalin.pl/cgi-bin/koha/opac-detail.pl?biblionumber=20792 _yKatalog online BPK |
||
| 942 |
_2UKD _cKS |
||
| 999 |
_c20792 _d20792 |
||